Islam and science,1/ (Record no. 3516)
[ view plain ]
| 000 -LEADER | |
|---|---|
| fixed length control field | 00645nac a22002171u 4500 |
| 008 - FIXED-LENGTH DATA ELEMENTS--GENERAL INFORMATION | |
| fixed length control field | 150901b xxu||||| |||| 00| 0 eng d |
| 010 ## - LIBRARY OF CONGRESS CONTROL NUMBER | |
| LC control number | 91022885 |
| 020 ## - INTERNATIONAL STANDARD BOOK NUMBER | |
| International Standard Book Number | 1856490246 |
| 040 ## - CATALOGING SOURCE | |
| Original cataloging agency | dlc |
| 082 00 - DEWEY DECIMAL CLASSIFICATION NUMBER | |
| Classification number | 297.1975 |
| Item number | El28 |
| 100 ## - MAIN ENTRY--PERSONAL NAME | |
| Personal name | El-Fandy,M.G. |
| 245 10 - TITLE STATEMENT | |
| Title | Islam and science,1/ |
| Statement of responsibility, etc | M.G.El-Fandy. |
| 260 ## - PUBLICATION, DISTRIBUTION, ETC. (IMPRINT) | |
| Place of publication, distribution, etc | Egypt, |
| -- | Cairo : |
| Name of publisher, distributor, etc | The Supreme Council For Islamic Affairs, |
| Date of publication, distribution, etc | c1993. |
| 300 ## - PHYSICAL DESCRIPTION | |
| Extent | 35: |
| Dimensions | 15cm. |
| 500 ## - GENERAL NOTE | |
| General note | Donations. |
| 500 ## - GENERAL NOTE | |
| General note | Donations - Bibliotheca Alexandrina. |
| 500 ## - GENERAL NOTE | |
| General note | Text In English and Arabic. |
| 650 #0 - SUBJECT ADDED ENTRY--TOPICAL TERM | |
| Topical term or geographic name as entry element | Islam and science. |
| Source of heading or term | BUEsh |
| 651 ## - SUBJECT ADDED ENTRY--GEOGRAPHIC NAME | |
| Source of heading or term | BUEsh |
| 942 ## - ADDED ENTRY ELEMENTS (KOHA) | |
| Item type | Book - Borrowing |
| Call number prefix | 297.1975El28 |
| Source of classification or shelving scheme | Dewey Decimal Classification |
| Withdrawn status | Item status | Source of classification or shelving scheme | Damaged status | Not for loan | Home library | Current library | Shelving location | Date acquired | Source of acquisition | Total Checkouts | Total Renewals | Full call number | Barcode | Date last seen | Date last borrowed | Koha item type |
|---|---|---|---|---|---|---|---|---|---|---|---|---|---|---|---|---|
| Dewey Decimal Classification | Central Library | Central Library | Lower Floor | 22/04/2007 | Purchase | 1 | 5 | 297.1975 ELF | 000030042 | 15/07/2025 | 28/02/2013 | Book - Borrowing |